Indicados do Oscar por foto - Statistics

Estatísticas Gerais
  • Esse quiz foi jogado 232 vezes
  • A pontuação média é 9 de 20
Estatísticas das Respostas
Imagem Resposta % Correto
Leonardo DiCaprio
99%
Morgan Freeman
89%
Robert Downey Jr
82%
Ryan Gosling
78%
Anthony Hopkins
64%
Edward Norton
58%
Jude Law
57%
Gary Oldman
48%
Sean Penn
43%
Ian McKellen
42%
Adrien Brody
41%
Tommy Lee Jones
32%
Forest Whitaker
31%
Ben Kingsley
29%
Laurence Fishburne
28%
Viggo Mortensen
28%
Jeff Bridges
27%
Robert Duvall
24%
Ed Harris
19%
Geoffrey Rush
13%
Nenhum quiz correspondente encontrado
Distribuição das Pontuações
Porcentagem de Pessoas com Cada Pontuação
Percentil de Números Respondidos
Sua Pontuação Histórica
Você não jogou esse quiz